[Event "GER-ch U25 op-B"]
[Site "Willingen"]
[Date "2015.05.26"]
[Round "4"]
[White "Semukhin, Sophia"]
[Black "Jacoby, Angelina"]
[Result "1/2-1/2"]
[WhiteElo "798"]
[BlackElo "886"]
[PlyCount "149"]
[EventDate "2015.05.24"]
[EventType "swiss"]
[EventRounds "9"]
[EventCountry "GER"]
[SourceTitle "CBM 166 Extra"]
[Source "ChessBase"]
[SourceDate "2015.06.18"]
[SourceVersion "1"]
[SourceVersionDate "2015.06.18"]
[SourceQuality "1"]

1. e4 d5 2. exd5 Qxd5 3. Nc3 Qa5 4. Bb5+ c6 5. Bc4 Bf5 6. d3 e6 7. Nf3 Nd7 8. Bd2 Qc7 9. 0-0 Bd6 10. g3 Bg4 11. Ne4 Ne5 12. Neg5 Be7 13. Bf4 Bxg5 14. Bxe5 Bxf3 15. Bxc7 Bxd1 16. Rfxd1 Nf6 17. Be5 0-0 18. Bxf6 Bxf6 19. c3 Rad8 20. d4 Rd7 21. Rd2 Rfd8 22. Rad1 b5 23. Bb3 a5 24. a4 b4 25. f4 bxc3 26. bxc3 g5 27. h3 gxf4 28. gxf4 Rb7 29. Bc4 Rdb8 30. Ba2 Rb2 31. Rxb2 Rxb2 32. Bc4 Bh4 33. Rf1 Rc2 34. Rf3 Be1 35. Bd3 Rxc3 36. Be4 Rc4 37. Kf1 Rxd4 38. Bxc6 Bh4 39. f5 exf5 40. Rxf5 Rd6 41. Be8 Rf6 42. Rxf6 Bxf6 43. Kg2 Kg7 44. Kg3 h6 45. Kg4 Kg6 46. h4 h5+ 47. Kh3 Be5 48. Bc6 f6 49. Be4+ f5 50. Bf3 f4 51. Be4+ Kh6 52. Bf3 Kg6 53. Be4+ Kf6 54. Bf3 Kf5 55. Bxh5 Ke4 56. Bg6+ Ke3 57. Be8 f3 58. Bb5 f2 59. Kg4 Kd2 60. h5 Ke1 61. Kg5 f1Q 62. Bxf1 Kxf1 63. Kg6 Ke2 64. Kf5 Bb2 65. Ke4 Kd2 66. Kd5 Kc3 67. Kc5 Kb3 68. Kb5 Bc3 69. h6 Ka3 70. h7 Kb3 71. h8Q Bxh8 72. Kxa5 Bc3+ 73. Kb5 Bb4 74. a5 Bxa5 75. Kxa5 1/2-1/2